000 00427nam a2200157 4500
001 111340
003 ES-MaACL
005 20230906185303.0
007 t|
008 061121s1967 sp r ||||1| spa d
100 1 _aOlivar Bertrand, R.
_986762
245 1 0 _aLiteratura y polĂ­tica /
_cRafael Olivar Bertrand.
260 _aBarcelona :
_bDelos,
_c1967.
300 _a220 p. ;
_c19 cm.
852 _aES-MaACL
_jC-35292
_bR.66283
999 _c111340
_d111340